ARRUPE JESUIT UNIVERSITY

CORONAVIRUS -STOP THE SPREAD - CLEAN,DISINFECT,COVER

Ben Jonson (three plays) (Record no. 130110)

MARC details
000 -LEADER
fixed length control field 00389nam a22001217a 4500
008 - FIXED-LENGTH DATA ELEMENTS--GENERAL INFORMATION
fixed length control field 191204b ||||| |||| 00| 0 eng d
050 ## - LIBRARY OF CONGRESS CALL NUMBER
Classification number PR2609.J8 1961
100 ## - MAIN ENTRY--PERSONAL NAME
Personal name Jonson, Ben
9 (RLIN) 16134
245 ## - TITLE STATEMENT
Title Ben Jonson (three plays)
Remainder of title sejanus, every man in his humour, bartholomew fair
Statement of responsibility, etc Ben Jonson
260 ## - PUBLICATION, DISTRIBUTION, ETC. (IMPRINT)
Place of publication, distribution, etc New York
Name of publisher, distributor, etc Hill and Wang
Date of publication, distribution, etc 1961
300 ## - PHYSICAL DESCRIPTION
Extent 333p. ;
Dimensions 19cm.
942 ## - ADDED ENTRY ELEMENTS (KOHA)
Source of classification or shelving scheme Library of Congress Classification
Item type Monograph ( Printed materials)
Holdings
Withdrawn status Lost status Source of classification or shelving scheme Damaged status Not for loan Collection code Home library Current library Shelving location Date acquired Total Checkouts Full call number Barcode Date last seen Price effective from Koha item type
    Library of Congress Classification     Main Collection ARRUPE LIBRARY ARRUPE LIBRARY Main Collection 04/12/2019   PR2609.J8 1961 46600006081 04/12/2019 04/12/2019 Monograph ( Printed materials)

 

Arrupe Library. PO Box MP320 Mt Pleasant, Harare, Zimbabwe
263 242 745411|librarian@aju.ac.zw